| 000 | 01110cam a2200313 i 4500 | ||
|---|---|---|---|
| 001 | 3214653 | ||
| 003 | OSt | ||
| 005 | 20230704082910.0 | ||
| 008 | 780329s1977 enk b 001 0 eng | ||
| 010 | _a 78303116 | ||
| 015 | _aGB*** | ||
| 020 |
_a0421222301 : _c£13.50 |
||
| 040 |
_aDLC _cDLC _dDLC |
||
| 043 | _ae-uk--- | ||
| 050 | 0 | 0 |
_aKD1500 _b.P37 1977 |
| 082 | 0 | 0 |
_a346/.42/052 _bCLA |
| 100 | 1 |
_aParry, David Hughes, _cSir, _d1893-1973. |
|
| 245 | 1 | 0 | _aParry and Clark on the law of succession |
| 250 |
_a8th ed. / _bby J. B. Clark. |
||
| 260 |
_aLondon : _bSweet & Maxwell, ; _a[Agincourt, Ont. : _bdistributed in Canada and U.S.A. by Carswell Co.], _c1977. |
||
| 300 |
_alxxi, 487 ; _c26 cm. |
||
| 500 | _aFirst-6th ed. published under title: The law of succession, testate and intestate. | ||
| 504 | _aIncludes bibliographical references and index. | ||
| 650 | 0 |
_aInheritance and succession _zGreat Britain. |
|
| 650 | 0 |
_aExecutors and administrators _zGreat Britain. |
|
| 700 | 1 |
_aClark, J. B. _q(John Bryan), _d1926- |
|
| 906 |
_a7 _bcbc _corignew _d4 _encip _f19 _gy-gencatlg |
||
| 942 |
_2ddc _cBK |
||
| 999 |
_c3554 _d3554 |
||